[Event "PRAGUE OPEN 2019 - A - IM open"]
[Site "Praha, Olympik hotel"]
[Date "2019.01.13"]
[Round "4"]
[White "Kucera, Tomas"]
[Black "Qiu, Mengjie"]
[Result "1/2-1/2"]
[WhiteElo "1956"]
[BlackElo "2247"]
[PlyCount "65"]
[EventDate "2019.01.11"]

1. e4 c6 2. d4 d5 3. exd5 cxd5 4. c4 Nf6 5. Nc3 Nc6 6. Nf3 Bg4 7. cxd5 Nxd5 8.
Qb3 Bxf3 9. gxf3 e6 10. Qxb7 Nxd4 11. Bb5+ Nxb5 12. Qc6+ Ke7 13. Qxb5 Qd7 14.
Nxd5+ Qxd5 15. Bg5+ f6 16. Qxd5 exd5 17. Be3 Ke6 18. O-O-O Bb4 19. a3 Rhc8+ 20.
Kb1 Ba5 21. b4 Bb6 22. Rhe1 Bxe3 23. Rxe3+ Kd6 24. Red3 Ke5 25. Rxd5+ Kf4 26.
R5d3 a5 27. Rg1 h5 28. Kb2 axb4 29. axb4 g5 30. Re1 Rc4 31. Kb3 Rac8 32. Re6
Kf5 33. Red6 1/2-1/2

[Event "PRAGUE OPEN 2019 - B - FIDE open"]
[Site "Praha, Olympik hotel"]
[Date "2019.01.13"]
[Round "4"]
[White "Hadzala, Daniel"]
[Black "Taisl, Lubomir"]
[Result "1-0"]
[WhiteElo "2023"]
[BlackElo "1229"]
[PlyCount "53"]
[EventDate "2019.01.11"]

1. Nf3 Nf6 2. g3 g6 3. Bg2 Bg7 4. O-O O-O 5. d3 d6 6. c4 e5 7. Nc3 Be6 8. Rb1
Qd7 9. Ng5 Nc6 10. Nxe6 fxe6 11. b4 d5 12. b5 Ne7 13. Qb3 b6 14. cxd5 exd5 15.
Ba3 Kh8 16. Bxe7 Qxe7 17. Nxd5 Nxd5 18. Bxd5 Rad8 19. Rbc1 Qd6 20. Be4 Qe7 21.
Rc6 Rf7 22. Rfc1 Qf8 23. Rxc7 Rxf2 24. Bf3 Rxf3 25. exf3 Qxf3 26. Qf7 Qxf7 27.
Rxf7 1-0

[Event "PRAGUE OPEN 2019 - B - FIDE open"]
[Site "Praha, Olympik hotel"]
[Date "2019.01.13"]
[Round "4"]
[White "Watarkar, Yash"]
[Black "Finek, Vaclav"]
[Result "1/2-1/2"]
[WhiteElo "1495"]
[BlackElo "1915"]
[PlyCount "35"]
[EventDate "2019.01.11"]

1. Nf3 Nf6 2. c4 c5 3. Nc3 Nc6 4. d4 cxd4 5. Nxd4 g6 6. e4 d6 7. Be2 Bg7 8. Be3
O-O 9. O-O Bd7 10. f3 Rc8 11. Qd2 a6 12. Nxc6 Bxc6 13. Rac1 Qc7 14. b4 Bd7 15.
c5 dxc5 16. bxc5 Bc6 17. Qd3 b5 18. Rfd1 1/2-1/2

[Event "PRAGUE OPEN 2019 - B - FIDE open"]
[Site "Praha, Olympik hotel"]
[Date "2019.01.13"]
[Round "4"]
[White "Kubik, Jaroslav"]
[Black "Rousek, Jan"]
[Result "1/2-1/2"]
[WhiteElo "1739"]
[BlackElo "1469"]
[PlyCount "62"]
[EventDate "2019.01.11"]

1. c4 e5 2. Nc3 Nf6 3. Nf3 Nc6 4. d3 d5 5. cxd5 Nxd5 6. g3 Be7 7. Bg2 Nb6 8.
O-O O-O 9. Bd2 Be6 10. a3 f5 11. Rc1 Bf6 12. Qc2 Nd4 13. Nxd4 exd4 14. Na4 Nxa4
15. Qxa4 c6 16. Ba5 Qd7 17. Bb4 Rfe8 18. Qc2 Bd5 19. Bxd5+ Qxd5 20. Rfe1 Rad8
21. Qc4 g5 22. Bd2 h5 23. b3 h4 24. gxh4 gxh4 25. Qxd5+ Rxd5 26. Kg2 Kf7 27.
Kf3 h3 28. Rg1 Bh4 29. Bg5 Bxg5 30. Rxg5 Rde5 31. Rc2 Rh8 1/2-1/2

[Event "PRAGUE OPEN 2019 - B - FIDE open"]
[Site "Praha, Olympik hotel"]
[Date "2019.01.13"]
[Round "4"]
[White "Kuhnmund, Ivan"]
[Black "Shatil, Or"]
[Result "1-0"]
[WhiteElo "1650"]
[BlackElo "1068"]
[PlyCount "51"]
[EventDate "2019.01.11"]

1. b3 e5 2. c4 Nf6 3. Bb2 Nc6 4. Nc3 Bc5 5. g3 O-O 6. Bg2 d6 7. h3 Be6 8. Nf3
h6 9. d3 Qd7 10. e3 Rfe8 11. Kf1 Rad8 12. d4 exd4 13. exd4 Bb6 14. d5 Bf5 15.
dxc6 bxc6 16. Nd4 Bxd4 17. Qxd4 c5 18. Qf4 Bd3+ 19. Kg1 Re7 20. Kh2 Rde8 21.
Qd2 Bh7 22. Rhe1 Rxe1 23. Rxe1 Rb8 24. Ne4 Nxe4 25. Bxe4 Bf5 26. Qc3 1-0

[Event "PRAGUE OPEN 2019 - B - FIDE open"]
[Site "Praha, Olympik hotel"]
[Date "2019.01.13"]
[Round "4"]
[White "Marinc, Damir"]
[Black "Trefilik, Jiri"]
[Result "1-0"]
[WhiteElo "1920"]
[BlackElo "1513"]
[PlyCount "67"]
[EventDate "2019.01.11"]

1. b3 e5 2. Bb2 Nc6 3. d3 Nf6 4. Nf3 d6 5. g3 Be7 6. Bg2 Be6 7. O-O h6 8. e4
Qd7 9. Re1 O-O 10. Nc3 Bg4 11. Qd2 Rfe8 12. Nd5 Nxd5 13. exd5 Nd8 14. h4 c6 15.
Nh2 Bf5 16. c4 cxd5 17. cxd5 Bf6 18. f4 b6 19. Nf3 Rc8 20. fxe5 dxe5 21. Nxe5
Qd6 22. Nc4 Rxe1+ 23. Qxe1 Qc5+ 24. d4 Bxd4+ 25. Bxd4 Qxd4+ 26. Kh2 Nb7 27. Rd1
Qf6 28. d6 Nc5 29. Ne3 Bd7 30. Nd5 Qe6 31. Qxe6 Bxe6 32. Ne7+ Kf8 33. Nxc8 Bxc8
34. Bc6 1-0

[Event "PRAGUE OPEN 2019 - B - FIDE open"]
[Site "Praha, Olympik hotel"]
[Date "2019.01.13"]
[Round "4"]
[White "Safranek, Jan"]
[Black "Nemecek St, Pavel"]
[Result "0-1"]
[WhiteElo "1571"]
[BlackElo "1814"]
[PlyCount "34"]
[EventDate "2019.01.11"]

1. d4 Nf6 2. Bf4 g6 3. Nc3 d6 4. e4 Nbd7 5. Nf3 c5 6. dxc5 Nxc5 7. Bb5+ Bd7 8.
Bxd7+ Qxd7 9. e5 Nh5 10. Be3 Ne6 11. exd6 exd6 12. O-O Bg7 13. Qd2 O-O 14. Rad1
Rfd8 15. b3 b5 16. Qd3 Nhf4 17. Qd2 Bxc3 0-1

[Event "PRAGUE OPEN 2019 - B - FIDE open"]
[Site "Praha, Olympik hotel"]
[Date "2019.01.13"]
[Round "4"]
[White "Juhanak, Daniel"]
[Black "Schneider, Kevin"]
[Result "1/2-1/2"]
[WhiteElo "1498"]
[BlackElo "1738"]
[PlyCount "41"]
[EventDate "2019.01.11"]

1. e4 e5 2. Nf3 Nc6 3. Bc4 Bc5 4. Nc3 Nf6 5. d3 h6 6. Be3 Bb6 7. O-O d6 8. Nd5
Nxd5 9. Bxd5 Bg4 10. c3 Qf6 11. Qa4 Bxf3 12. Bxc6+ bxc6 13. Qxc6+ Ke7 14. gxf3
Qxf3 15. Bxb6 Qg4+ 16. Kh1 Qf3+ 17. Kg1 cxb6 18. Qb7+ Kf6 19. d4 Rhe8 20. Rae1
Qg4+ 21. Kh1 1/2-1/2

[Event "PRAGUE OPEN 2019 - B - FIDE open"]
[Site "Praha, Olympik hotel"]
[Date "2019.01.13"]
[Round "4"]
[White "Netra, P Savaikar"]
[Black "Kuchta, Jiri"]
[Result "1/2-1/2"]
[WhiteElo "1247"]
[BlackElo "1579"]
[PlyCount "52"]
[EventDate "2019.01.11"]

1. e4 c5 2. c3 d5 3. exd5 Qxd5 4. d4 cxd4 5. cxd4 Nc6 6. Nf3 Bg4 7. Nc3 Qa5 8.
Be3 e6 9. Qb3 Qb4 10. Qxb4 Bxb4 11. Ne5 Nxe5 12. dxe5 a6 13. Rc1 Rc8 14. Bd3
Ne7 15. O-O O-O 16. Ne4 Nd5 17. Bc5 Bxc5 18. Nxc5 Rc7 19. f3 Bh5 20. g4 Bg6 21.
Bxg6 hxg6 22. Nd3 Rfc8 23. Rxc7 Rxc7 24. Rc1 Rxc1+ 25. Nxc1 Kf8 26. Kf2 g5
1/2-1/2

[Event "PRAGUE OPEN 2019 - B - FIDE open"]
[Site "Praha, Olympik hotel"]
[Date "2019.01.13"]
[Round "4"]
[White "Stodola, Zdenek"]
[Black "Rous, Dominik"]
[Result "0-1"]
[WhiteElo "1589"]
[BlackElo "1307"]
[PlyCount "60"]
[EventDate "2019.01.11"]

1. d4 d5 2. c4 c6 3. e3 Nf6 4. Nc3 e6 5. Nf3 Nbd7 6. Bd3 dxc4 7. Bxc4 b5 8. Bd3
a6 9. O-O c5 10. b3 Bb7 11. Bb2 Be7 12. Rc1 O-O 13. Bb1 Bxf3 14. Qxf3 cxd4 15.
exd4 Nb6 16. Ne4 Nbd5 17. Rfe1 Rc8 18. Rcd1 g6 19. Nc5 Nd7 20. Qh3 Nxc5 21.
dxc5 Rxc5 22. Qh6 Bf6 23. Bd4 Bxd4 24. Rxd4 Qf6 25. Rh4 Qg7 26. Qd2 Qc3 27. Qe2
Rfc8 28. Bxg6 hxg6 29. Re4 Qxe1+ 30. Qxe1 Rc1 0-1

[Event "PRAGUE OPEN 2019 - B - FIDE open"]
[Site "Praha, Olympik hotel"]
[Date "2019.01.13"]
[Round "4"]
[White "Vincenc, Daniel"]
[Black "Ahn, Juyong"]
[Result "0-1"]
[WhiteElo "1011"]
[BlackElo "1439"]
[PlyCount "42"]
[EventDate "2019.01.11"]

1. e4 c5 2. Nf3 d6 3. Nc3 a6 4. g3 Nf6 5. Bg2 e6 6. O-O Be7 7. d3 O-O 8. Be3
Nc6 9. Ne2 e5 10. c3 h6 11. Qb3 Qc7 12. d4 Nxe4 13. dxe5 dxe5 14. Qc4 Nf6 15.
Bxc5 Be6 16. Qa4 Bxc5 17. Rad1 Rad8 18. Nc1 Rxd1 19. Rxd1 Rd8 20. Re1 Qb6 21.
b4 Bxf2+ 0-1

[Event "PRAGUE OPEN 2019 - A - IM open"]
[Site "Praha, Olympik hotel"]
[Date "2019.01.14"]
[Round "5"]
[White "Kacharava, Nikolozi"]
[Black "Zhang, Ziji"]
[Result "1/2-1/2"]
[BlackElo "2387"]
[WhiteElo "2397"]
[LiveChessVersion "1.4.8"]

1. e4  e5  2. Nf3  Nc6
 3. Bc4  Bc5  4. c3
 Nf6  5. d3  O-O 
6. O-O  d5  7. exd5  Nxd5
 8. Re1  Bg4  9. Nbd2
 Nb6  10. Bb5  Bd6
 11. h3  Bd7  12. Ne4
 a6  13. Bxc6  Bxc6
 14. c4  Re8  15. Bg5
 Be7  16. Bxe7  Qxe7
 17. Qc2  Qe6  18. b4
 Nd7  19. a4  Qg6
 20. b5  Bxe4  21. Rxe4
 Nc5  22. Rxe5  Nxd3
 23. Rxe8+  Rxe8  24. Rd1
 Nc5  25. Qc3  h6
 26. a5  Re2  27. bxa6
 bxa6  28. Re1  Rxe1+
 29. Qxe1  Qe4  30. Qd2
 Nd3  31. Qc3  c5
 32. Qc2  g5  33. Qc3
 Nf4  34. Kh2 Qe2  35. Qe3
 Qxc4  36. Qe8+  Kh7
 37. Qc6  Nd3  38. Qd7
 Nxf2  39. Qf5+  Kg8
 40. Nxg5  hxg5 1/2-1/2

[Event "PRAGUE OPEN 2019 - A - IM open"]
[Site "Praha, Olympik hotel"]
[Date "2019.01.14"]
[Round "5"]
[White "Vojta, Tomas"]
[Black "Postny, Evgeny"]
[Result "0-1"]
[BlackElo "2623"]
[WhiteElo "2351"]
[LiveChessVersion "1.4.8"]

1. d4  d5  2. Bf4  c5
 3. e3  Nc6  4. c3
 Qb6  5. Qb3  c4 
6. Qc2  e5  7. dxe5  Bf5
 8. Qc1  g5  9. Bg3
 h5  10. h3  Bg7 
11. Nf3  g4  12. hxg4  hxg4
 13. Rxh8  Bxh8  14. Nd4
 Nge7  15. Na3  Bxe5
 16. Bxe5  Nxe5  17. Nxf5
 Nxf5  18. Qc2  Ne7
 19. O-O-O  g3  20. Qh7
 N5g6  21. Qh3  gxf2
 22. Rd2  Rd8  23. Rxf2
 Rd6  24. Bxc4  dxc4
 25. Nxc4  Qc5  26. Nxd6+
 Qxd6  27. Rd2  Qc7
 28. Qf3  Nc6  29. Qe4+
 Kf8  30. Kc2  Kg7
 31. g4  Nce5  32. b3
 b5  33. Rd5  a6 
34. g5  Kg8  35. Kb2  Nd7
 36. Qe8+  Ndf8  37. Qd8
 Qg3  38. Qd6  Qxe3
 39. Qxa6  Qe2+  40. Kc1
 Nf4  41. Qxb5  Qe1+
 42. Rd1  Ne2+  43. Kc2
 Qxd1+  44. Kxd1  Nxc3+
 45. Kc2  Nxb5  46. a4
 Nc7  47. b4  Nfe6
 48. Kd3  Nxg5  49. b5
 Nge6  50. Kc4  Kf8
 51. a5  Ke7  52. b6
 Na6  53. Kb5  Nec5
 54. Kc6  Nd7  0-1

[Event "PRAGUE OPEN 2019 - A - IM open"]
[Site "Praha, Olympik hotel"]
[Date "2019.01.14"]
[Round "5"]
[White "Kulhanek, Tomas"]
[Black "Frolov, Artur"]
[Result "1/2-1/2"]
[BlackElo "2430"]
[WhiteElo "2303"]
[LiveChessVersion "1.4.8"]

1. e4  e5  2. Nf3  Nc6
 3. d4  exd4  4. Bc4
 Bc5  5. c3  Nf6 
6. cxd4  Bb4+  7. Bd2  Bxd2+
 8. Nbxd2  d5  9. exd5
 Nxd5  10. Qb3  Nce7
 11. O-O  O-O  12. Rfe1
 c6  13. a4  a5 
14. h3  Ng6  15. Bxd5  Qxd5
 16. Qxd5 1/2-1/2

[Event "PRAGUE OPEN 2019 - A - IM open"]
[Site "Praha, Olympik hotel"]
[Date "2019.01.14"]
[Round "5"]
[White "Krivonosov, Oleg"]
[Black "Gomes, Mary Ann"]
[Result "1/2-1/2"]
[BlackElo "2296"]
[WhiteElo "2390"]
[LiveChessVersion "1.4.8"]

1. Nf3  Nf6  2. c4  b6
 3. g3  Bb7  4. Bg2
 c5  5. O-O  e6 
6. Nc3  Be7  7. d4  cxd4
 8. Qxd4  Nc6  9. Qf4
 d6  10. Rd1  a6 
11. b3  Qc7  12. Ng5  O-O
 13. Ba3  Rad8  14. Rac1
 Ne5  15. Bxb7  Qxb7
 16. Nce4  Nxe4  17. Qxe4
 Qxe4  18. Nxe4  Rd7
 19. f4  Ng6  20. Rd3
 Rfd8  21. Rcd1  d5
 22. Bb2  Nf8  23. cxd5
 Rxd5  24. Rxd5  Rxd5
 25. Rxd5  exd5  26. Nc3
 Bf6  27. Nd1  Bxb2
 28. Nxb2  Nd7  29. Nd3
 a5  30. Kf2  Kf8
 31. Ke3  Ke7  32. Kd4
 Ke6  33. Ne5  Nf6
 34. g4  g6  35. h3
 Ne4  36. Nd3  Ng3
 37. Ke3  Nf1+  38. Kd4
 Ng3  39. Ke3  Nf1+ 1/2-1/2

[Event "PRAGUE OPEN 2019 - A - IM open"]
[Site "Praha, Olympik hotel"]
[Date "2019.01.14"]
[Round "5"]
[White "Low, Zhen Yu Cyrus"]
[Black "Liu, Zhaoqi"]
[Result "0-1"]
[BlackElo "2300"]
[WhiteElo "2385"]
[LiveChessVersion "1.4.8"]

1. e4  e6  2. d4  d5
 3. Nd2  Be7  4. e5
 c5  5. Bd3  Nc6 
6. c3  cxd4  7. cxd4  Qb6
 8. Ndf3  Nh6  9. Ne2
 Nf5  10. O-O  Bd7
 11. Kh1  Rc8  12. a3
 a5  13. Rb1  h6 
14. h3  h5  15. Bxf5  exf5
 16. Bg5  Be6  17. Bxe7
 Nxe7  18. Qd2  a4
 19. Nc3  Rc4  20. Qe3
 Qa6  21. Nd2  Rc8
 22. b3  f4  23. Qf3
 g5  24. Rfc1  Bg4
 25. Nxd5  Bxf3  26. Rxc8+
 Kd7  27. Nxe7  Rxc8
 28. Nxc8  Bd5  0-1

[Event "PRAGUE OPEN 2019 - A - IM open"]
[Site "Praha, Olympik hotel"]
[Date "2019.01.14"]
[Round "5"]
[White "Lin, Yi"]
[Black "Chkhaidze, Nikoloz"]
[Result "1-0"]
[BlackElo "2290"]
[WhiteElo "2359"]
[LiveChessVersion "1.4.8"]

1. d4  Nf6  2. c4  e6
 3. g3  d5  4. Bg2
 dxc4  5. Nf3  c5
 6. O-O  Nc6  7. dxc5
 Qxd1  8. Rxd1  Bxc5
 9. Nbd2  c3  10. bxc3
 O-O  11. Nb3  Be7
 12. c4  Bd7  13. Bb2
 Rfd8  14. Nfd4  Rac8
 15. Nb5  b6  16. Nd6
 Bxd6  17. Rxd6  Be8
 18. Rxd8  Rxd8  19. Rc1
 Nb4  20. a3  Na6
 21. c5  Ba4  22. cxb6
 axb6  23. Bb7  Bxb3
 24. Bxa6  Rd1+  25. Rxd1
 Bxd1  26. Bd4  Nd7
 27. Bb5  Nc5  28. Bxc5
 bxc5  29. a4  Bc2
 30. Bc6  1-0

[Event "PRAGUE OPEN 2019 - A - IM open"]
[Site "Praha, Olympik hotel"]
[Date "2019.01.14"]
[Round "5"]
[White "Pechac, Jergus"]
[Black "Oboladze, Luka"]
[Result "1-0"]
[BlackElo "2295"]
[WhiteElo "2472"]
[LiveChessVersion "1.4.8"]

1. d4  Nf6  2. c4  g6
 3. Nc3  d5  4. cxd5
 Nxd5  5. e4  Nxc3
 6. bxc3  Bg7  7. Qa4+
 c6  8. h4  Nd7 
9. h5  e5  10. Nf3  exd4
 11. h6  Bf6  12. cxd4
 Nc5  13. Qc2  Bg4
 14. Rb1  Bxf3  15. gxf3
 Bxd4  16. Ba3  b6
 17. Rd1  O-O  18. Bc4
 Nxe4  19. fxe4  c5
 20. Bd5  Rc8  21. Rh3
 Qf6  22. Rdd3  Qe5
 23. Rhf3  b5  24. Rxd4
 Qxd4  25. Bb2  Qb4+
 26. Bc3  Qa3  27. Qd2
 b4  28. Qf4  1-0

[Event "PRAGUE OPEN 2019 - A - IM open"]
[Site "Praha, Olympik hotel"]
[Date "2019.01.14"]
[Round "5"]
[White "Serrano Salvador, Eduardo"]
[Black "Wang, Yiye"]
[Result "0-1"]
[BlackElo "2443"]
[WhiteElo "2282"]
[LiveChessVersion "1.4.8"]

1. d4  Nf6  2. Nf3  e6
 3. c4  b6  4. a3
 Ba6  5. Qc2  Bb7
 6. Nc3  c5  7. dxc5
 bxc5  8. Bf4  Nh5
 9. Bg5  Be7  10. Bxe7
 Qxe7  11. e3  O-O
 12. Be2  f5  13. O-O-O
 Nf6  14. Ne1  Nc6
 15. Bf3  Rab8  16. Nb5
 a6  17. Nd6  Ba8
 18. Qa4  Rb6  19. Rd2
 Rfb8  20. h3  Ne5
 21. Bxa8  Rxd6  22. Rxd6
 Qxd6  23. Bf3  Qb6
 24. Qc2  Nxc4  25. Qxc4
 Qxb2+  26. Kd1  Rb3
 27. Nc2  Rc3  28. Qa4
 d5  29. Re1  Rc4
 0-1

[Event "PRAGUE OPEN 2019 - A - IM open"]
[Site "Praha, Olympik hotel"]
[Date "2019.01.14"]
[Round "5"]
[White "Neuman, Petr"]
[Black "Ajay Krishna, S"]
[Result "0-1"]
[BlackElo "2289"]
[WhiteElo "2428"]
[LiveChessVersion "1.4.8"]

1. Nf3  c5  2. b3  Nf6
 3. Bb2  g6  4. e4
 d6  5. Bb5+  Nbd7
 6. O-O  Bg7  7. Re1
 O-O  8. a4  a6 
9. Bxd7  Bxd7  10. a5  e5
 11. d3  Nh5  12. b4
 cxb4  13. d4  Bg4
 14. Nbd2  Qc7  15. h3
 Bxf3  16. Nxf3  Rac8
 17. Qd2  Qxc2  18. Qxb4
 Nf4 19. Qd2  Qxd2  20. Nxd2
 Nd3  21. Reb1 Rc2 0-1

[Event "PRAGUE OPEN 2019 - A - IM open"]
[Site "Praha, Olympik hotel"]
[Date "2019.01.14"]
[Round "5"]
[White "Abdulla, Murad"]
[Black "Plischki, Sebastian"]
[Result "1/2-1/2"]
[BlackElo "2426"]
[WhiteElo "2263"]
[LiveChessVersion "1.4.8"]

1. e4  c5  2. Nf3  d6
 3. d4  cxd4  4. Nxd4
 Nf6  5. Nc3  a6 
6. Be3  e5  7. Nf3  Be7
 8. Bc4  Be6  9. Bxe6
 fxe6  10. Ng5  Qd7
 11. Qf3  d5  12. O-O-O
 d4  13. Bxd4  exd4 14. e5
 Nc6  15. exf6  Bxf6
 16. Nce4  O-O-O  17. Qh3
 Bxg5+ 18. Nxg5  Rhe8  19. Rde1
 Qd5  20. Nxe6  Rd7
 21. Kb1  Nb4  22. c4
 dxc3  23. Qxc3+  Kb8
 24. Qxb4  Rxe6  25. Qf4+
 Ka7  26. Rxe6  Qxe6
 27. Qe3+ 1/2-1/2

[Event "PRAGUE OPEN 2019 - A - IM open"]
[Site "Praha, Olympik hotel"]
[Date "2019.01.14"]
[Round "5"]
[White "Liu, Guanchu"]
[Black "Kushko, Dmitry"]
[Result "1-0"]
[BlackElo "2270"]
[WhiteElo "2425"]
[LiveChessVersion "1.4.8"]

1. e4  d6  2. d4  Nf6
 3. Nc3  g6  4. f4
 Bg7  5. Nf3  O-O
 6. Bd3  Na6  7. O-O
 c5  8. d5  Rb8 
9. Kh1  Nc7  10. a4  a6
 11. a5  Nb5  12. Bxb5
 axb5  13. e5  Nd7
 14. Nxb5  dxe5  15. fxe5
 Nxe5  16. Nxe5  Bxe5
 17. Bh6  Bg7  18. Bxg7
 Kxg7  19. Qd2  Bd7
 20. Nc3  e6  21. Ne4
 exd5  22. Nxc5  Bc6
 23. Qd4+  Kg8  24. Rf6
 Rc8  25. h4  Qe7
 26. b4  Qe2  27. c3
 Rfe8  28. Raf1  Re7
 29. Kh2  Rcc7  30. R1f2
 Qe5+  31. Qxe5  Rxe5
 32. a6  b6  33. Nb3
 Bb5  34. Rxb6  Bxa6
 35. Rxa6  Rxc3  36. Nd2
 d4  37. Rd6  d3 
38. Rd8+  Kg7  39. Rd7  Rf5
 40. Rxf5  gxf5  41. b5
 Kf6  42. b6  Rc6
 43. b7  Rb6  44. Rd6+
 1-0

[Event "PRAGUE OPEN 2019 - A - IM open"]
[Site "Praha, Olympik hotel"]
[Date "2019.01.14"]
[Round "5"]
[White "Mis, Mieszko"]
[Black "Lalic, Bogdan"]
[Result "1/2-1/2"]
[BlackElo "2418"]
[WhiteElo "2242"]
[LiveChessVersion "1.4.8"]

1. d4  d5  2. c4  dxc4
 3. Nf3  Nf6  4. e3
 e6  5. Bxc4  a6 
6. Bb3  c5  7. O-O  Nc6
 8. Qe2  cxd4  9. Rd1
 d3  10. Rxd3  Qc7
 11. Nc3  Bc5  12. h3
 O-O  13. e4  Nd7
 14. Be3  b6  15. Rc1
 Bxe3  16. Qxe3  Nc5
 1/2-1/2

[Event "PRAGUE OPEN 2019 - A - IM open"]
[Site "Praha, Olympik hotel"]
[Date "2019.01.14"]
[Round "5"]
[White "Naumkin, Igor"]
[Black "Olsarova, Karolina"]
[Result "1/2-1/2"]
[BlackElo "2263"]
[WhiteElo "2418"]
[LiveChessVersion "1.4.8"]

1. d4  Nf6  2. c4  e6
 3. Nf3  Bb4+  4. Bd2
 c5  5. Bxb4  cxb4
 6. e3  O-O  7. Nbd2
 d6  8. Bd3  Nc6 
9. O-O  b6  10. Qc2  Bb7
 11. Ng5  h6  12. Nge4
 Nxe4  13. Bxe4  Qc7
 14. f4  Ne7  15. Bxb7
 Qxb7  16. e4  Rac8
 17. f5  Nc6  18. f6 Nxd4
 19. Qd3  e5  20. Nf3
 g6  21. Nxd4  exd4
 22. Qxd4  Rfe8  23. Rae1
 Qc6  24. Qd2  Qc5+
 25. Kh1  Kh7  26. b3
 Re5  27. h3  Rce8
 28. Rf4  R8e6  29. Qd3
 Qc6  30. Re3  Qc5
 31. Re2  Qc6  32. Re3
 Qe8  33. Qd2  a5
 34. Qd3  Qd8  35. Qf1
 Qe8  36. Qd3  Qc6
 37. Qd2  Qc7  38. Qd3
 Qb7  39. Qd2  Qc6
 40. Rd3  g5  41. Rf1
 Rxe4  42. Rd5  Re2
 43. Qd3+  Kg8  44. Qf3
 Re1  45. Rxe1  Rxe1+
 46. Kh2  Qe8  47. Qg3
 Qe3  48. Qxe3  Rxe3
 49. Rb5  Re2  50. Rxb6
 Rxa2  51. Rxd6  Kh7
 52. Ra6  Ra3  53. c5
 Kg6  54. c6  Rxb3
 55. Rxa5  Rc3  56. Rb5
 Rxc6  57. Rxb4  h5
 58. Rb5  h4  59. Ra5
 Rxf6  60. Rb5  Re6
 61. Ra5  f5  62. Rb5
 g4  63. hxg4  fxg4
 64. Ra5  Re2  65. Ra6+
 Kg5  66. Ra5+  Kf4
 67. Ra4+  Re4  68. Ra3
 h3  69. gxh3  Re2+
 70. Kg1  g3  71. Ra4+
 Kf3  72. Ra3+  Kf4
 1/2-1/2

[Event "PRAGUE OPEN 2019 - A - IM open"]
[Site "Praha, Olympik hotel"]
[Date "2019.01.14"]
[Round "5"]
[White "Burnett, Andrew"]
[Black "Spiess, Gunter"]
[Result "0-1"]
[BlackElo "2414"]
[WhiteElo "2140"]
[LiveChessVersion "1.4.8"]

1. Nf3  d5  2. c4  e6
 3. e3  Nf6  4. b3
 c5  5. Bb2  Nc6 
6. cxd5  exd5  7. d4  cxd4
 8. Nxd4  Bb4+  9. Bc3
 Bd6  10. Bb5  Bd7
 11. Nd2  O-O  12. Be2
 Rc8  13. Nxc6  Rxc6
 14. Bd4  Ne4  15. Nxe4
 dxe4  16. a3  Qg5
 17. Kf1  Rfc8  18. h4
 Qe7  19. Bb5  R6c7
 20. Bxd7  Qxd7  21. g3
 Qf5  22. Kg2  Rc2
 23. Rf1  Bb8  24. b4
 b6  25. Rb1  Qg6
 26. Kh1  Bxg3  27. Rg1
 Rxf2  28. Rb2  Qf5
 29. Rxg3  Rf1+  30. Qxf1
 Qxf1+  31. Kh2  g6
 32. Rgg2  Qe1  33. Rbf2
 f5  0-1

[Event "PRAGUE OPEN 2019 - A - IM open"]
[Site "Praha, Olympik hotel"]
[Date "2019.01.14"]
[Round "5"]
[White "Gschnitzer, Adrian"]
[Black "Jaroch, Karol"]
[Result "1-0"]
[BlackElo "2259"]
[WhiteElo "2368"]
[LiveChessVersion "1.4.8"]

1. c4  Nf6  2. Nc3  e5
 3. Nf3  Nc6  4. e3
 Be7  5. b3  O-O 
6. Bb2  d6  7. Qc2  Bg4
 8. Be2  Qd7  9. a3
 Rae8  10. O-O  Bd8
 11. d3  Ne7  12. h3 Bf5
 13. Nh4  Be6  14. f4
 Bxh3  15. fxe5  dxe5
 16. gxh3  Qxh3  17. Ng2
 Nf5  18. Nd1  e4
 19. dxe4  Nh4  20. Nxh4
 Qxh4  21. Bf3  Nxe4
 22. Qh2  Qg5+  23. Bg2
 Nd2  24. Rf2  Nxb3
 25. Rf3  Qa5  26. Bc3
 Qa6  27. Rb1  Qxc4
 28. Bf1  Qe6  29. Rg3
 f6  30. Qa2  Kh8
 31. Qxb3  Qd6  32. Rh3
 Re4  33. Rb2  Rg4+
 34. Rg2  Rxg2+  35. Bxg2
 b6  36. Qc2  f5 
37. Bb2  Bf6  38. Nf2  Bxb2
 39. Qxb2  c5  40. e4
 fxe4  41. Bxe4  h6
 42. Bb1  Qe6  43. Rg3
 Rf6  44. Qc2  g6
 45. Qd2  Kg7  46. Ng4
 1-0

[Event "PRAGUE OPEN 2019 - A - IM open"]
[Site "Praha, Olympik hotel"]
[Date "2019.01.14"]
[Round "5"]
[White "Schmidt-Schaeffer, Sebastian"]
[Black "Schnabel, Ralf"]
[Result "1/2-1/2"]
[BlackElo "2206"]
[WhiteElo "2350"]
[LiveChessVersion "1.4.8"]

1. e4  d5  2. exd5  Qxd5
 3. Nc3  Qa5  4. d4
 Nf6  5. Nf3  c6 
6. Ne5  Nbd7  7. Nc4  Qc7
 8. Qf3  Nb6  9. Bf4
 Qd8  10. Be5  Be6
 11. Ne3  Nbd5  12. Ncxd5
 Bxd5  13. Nxd5  Qxd5
 14. Qxd5  cxd5  15. O-O-O
 Rc8  16. Rd3  Nd7
 17. Bf4  Rc6  18. Rb3
 Rb6  19. Bb5  Kd8
 20. Bd2  a6  21. Bxd7 Rxb3
 22. Ba4  Rb5  23. h4
 e6  24. Rh3  Be7
 25. h5  Bf6  26. Rf3
 h6  27. g4  Kc7 
28. Bf4+  Kd7  29. c3  Ke7
 30. Bxb5  axb5  31. Kc2
 b4  32. Kb3  bxc3
 33. bxc3  Rc8  34. Rd3
 Kd7  35. Bd2  Be7
 1/2-1/2

[Event "PRAGUE OPEN 2019 - A - IM open"]
[Site "Praha, Olympik hotel"]
[Date "2019.01.14"]
[Round "5"]
[White "Michalczak, Thomas"]
[Black "Cerveny, Petr"]
[Result "0-1"]
[BlackElo "2318"]
[WhiteElo "2139"]
[LiveChessVersion "1.4.8"]

1. e4  c5  2. Nf3  d6
 3. d4  cxd4  4. Nxd4
 Nf6  5. Nc3  a6 
6. f3  e5  7. Nb3  Be6
 8. Be3  h5  9. Qd2
 Nbd7  10. Nd5  Bxd5
 11. exd5  g6  12. c4
 a5  13. Be2  a4 
14. Nc1  Qa5  15. Qxa5  Rxa5
 16. Nd3  Bh6  17. f4
 O-O  18. Bd2  Raa8
 19. fxe5  Bxd2+  20. Kxd2
 dxe5  21. b4  axb3
 22. axb3  Ne4+  23. Ke3
 f5  24. b4  Rfc8
 25. c5  Nef6  26. d6
 Nd5+  27. Kd2  e4
 28. Rxa8  Rxa8  29. Nc1
 Nxb4  30. Bc4+  Kg7
 31. Nb3  Kf6  32. Kc3
 Nc6  33. Rb1  Rc8
 34. Bd5  Ke5  35. Kc4
 Na5+  36. Nxa5  Rxc5+
 37. Kb4  Rxd5  38. Nxb7
 e3  39. g3  g5 
40. Re1  Ke4  41. Kc4  f4
 0-1

[Event "PRAGUE OPEN 2019 - A - IM open"]
[Site "Praha, Olympik hotel"]
[Date "2019.01.14"]
[Round "5"]
[White "Ludvik, Tomas"]
[Black "Pushkov, Nikolai"]
[Result "1-0"]
[BlackElo "2309"]
[WhiteElo "2089"]
[LiveChessVersion "1.4.8"]

1. d4  d5  2. c4  e6
 3. Nc3  Nf6  4. Bg5
 Nbd7  5. e3  c6 
6. Nf3  Qa5  7. Nd2  Bb4
 8. Qc2  O-O  9. Be2
 e5  10. O-O  exd4
 11. Nb3  Qd8  12. Nxd4
 dxc4  13. Bxc4  Ne5
 14. Be2  h6  15. Bh4
 Ng6  16. Bg3  Qe7
 17. Bc4  Ne5  18. Bb3
 Bxc3  19. bxc3  Nh5
 20. Rae1  c5  21. Nf5
 Bxf5  22. Qxf5  Nxg3
 23. hxg3  Rad8  24. Rd1
 b6  25. f4  Nc6 
26. e4  Qc7  27. e5  Ne7
 28. Qe4  Rxd1  29. Rxd1
 Rd8  30. Rxd8+  Qxd8
 31. f5  c4  32. Qxc4
 Qe8  33. e6  f6 
34. Qc7  Kf8  35. Qxa7  b5
 36. g4  h5  37. gxh5
 Qxh5  38. Qb8+  Qe8
 39. Qd6  Qc6  40. Qxc6
 Nxc6  41. Kf2  Ke7
 42. Ke3  Kd6  43. Ke4
 Ne7  44. g4  Kc5
 45. g5  fxg5  46. Bd1
 Kd6  47. Be2  Kc5
 48. Bd3  b4  49. cxb4+
 Kxb4  50. Ke5  Kc3
 51. Be4  Ng8  52. Kd6
 Nf6  53. Bc6  g4
 54. Kc5  g3  55. e7
 1-0